NPB プロ野球 通算安打数の少ない監督経験者 - Statistics

General Stats
  • This quiz has been taken 174 times
  • The average score is 7 of 26
Answer Stats
通算本数 監督した球団 氏名 % Correct
336 日本ハム 栗山英樹
85%
59 楽天 三木肇
83%
37 楽天 平石洋介
66%
412 ヤクルト 小川淳司
65%
235 広島、楽天 マーティ・ブラウン
55%
189 西武、オリックス 伊原春樹
43%
244 オリックス 森脇浩司
43%
56 阪急~オリックス、日本ハム 上田利治
31%
92 巨人~読売、西鉄、大洋、近鉄、ヤクルト 三原脩
29%
70 広島、クラウン~西武、ダイエー 根本陸夫
28%
276 大毎、阪急、近鉄 西本幸雄
22%
457 阪神 安藤統男
16%
476 読売、東映、中日 水原茂
16%
0 大洋 森茂雄
13%
371 阪神、南海 ドン・ブレイザー
12%
495 大洋 須藤豊
11%
338 阪急 西村正夫
10%
436 中日、東京~ロッテ 濃人渉
10%
265 国鉄 藤田宗一
7%
448 阪神~大阪、大映、東映 松木謙治郎
7%
400 大阪 田中義雄
6%
175 近鉄 加藤春雄
4%
215 西日本 小島利男
3%
64 阪急、東急~東映 井野川利春
2%
93 東映 保井浩一
2%
252 西鉄 宮崎要
2%
No matching quizzes found
Score Distribution
Percent of People with Each Score
Percentile by Number Answered
Your Score History
You have not taken this quiz